Statistics for David Fincher Movies

Click here to take the quiz!

General Stats

  • This quiz has been taken 150 times
    (92 since last reset)
  • The average score is 8 of 13

Answer Stats

YearAnswer% Correct
1995SE7EN
90%
1999Fight Club
87%
2014Gone Girl
79%
2010The Social Network
76%
2007Zodiac
68%
1992Alien 3
63%
1997The Game
59%
2023The Killer
59%
2002Panic Room
58%
2008The Curious Case of Benjamin Button
58%
2020Mank
54%
2011The Girl with the Dragon Tattoo
46%
2017-2019Mindhunter
34%

Score Distribution

Percentile by Number Answered

Percent of People with Each Score

Your Score History

You have not taken this quiz since the last reset